[Event "Navarra-ch"]
[Site "Pamplona"]
[Date "2017.04.08"]
[Round "4"]
[White "Argaya Urdaniz, Miguel Angel"]
[Black "Alfaro Pinero, Asier"]
[Result "1-0"]
[WhiteElo "1922"]
[BlackElo "1797"]
[PlyCount "49"]
[EventDate "2017.03.11"]
[EventType "swiss"]
[EventRounds "7"]
[EventCountry "ESP"]
[SourceTitle "EXT 2018"]
[Source "ChessBase"]
[SourceDate "2017.10.13"]
[SourceVersion "1"]
[SourceVersionDate "2017.10.13"]
[SourceQuality "1"]

1. e4 c5 2. Nf3 Nf6 3. Nc3 d5 4. exd5 Nxd5 5. Bc4 Nxc3 6. bxc3 e6 7. 0-0 Be7 8. d4 0-0 9. Ne5 Bf6 10. Qg4 g6 11. Bh6 Bg7 12. Bxg7 Kxg7 13. Rad1 Nd7 14. Rd3 Qa5 15. Rf3 Nxe5 16. dxe5 b5 17. Bd3 Bb7 18. Rh3 c4 19. Qf4 Rh8 20. Bxg6 fxg6 21. Qf6+ Kg8 22. Qxe6+ Kf8 23. Qd7 Bc6 24. Rf3+ Bxf3 25. e6 1-0

[Event "Navarra-chT"]
[Site "Navarra"]
[Date "2016.10.22"]
[Round "3.6"]
[White "Arrizibita Legarre, Jon Inaki"]
[Black "Argaya Urdaniz, Miguel Angel"]
[Result "1/2-1/2"]
[WhiteElo "1628"]
[BlackElo "1945"]
[PlyCount "120"]
[EventDate "2016.10.08"]
[EventType "team-tourn"]
[EventRounds "7"]
[EventCountry "ESP"]
[SourceTitle "CBM 175 Extra"]
[Source "ChessBase"]
[SourceDate "2016.12.12"]
[SourceVersion "1"]
[SourceVersionDate "2016.12.12"]
[SourceQuality "1"]
[WhiteTeam "Arrano Elkartea"]
[BlackTeam "San Juan"]
[WhiteTeamCountry "ESP"]
[BlackTeamCountry "ESP"]

1. e4 d5 2. e5 c5 3. Nf3 Nc6 4. Bb5 Qb6 5. c4 d4 6. d3 Bg4 7. Bxc6+ Qxc6 8. Nbd2 g6 9. h3 Bf5 10. Nb3 Bg7 11. Qe2 h5 12. 0-0 b6 13. Bf4 Nh6 14. Rfe1 Bc8 15. Qe4 Qxe4 16. Rxe4 Bf5 17. Ree1 Bxd3 18. Rac1 Bf5 19. Nbd2 0-0 20. b3 Bd7 21. Ng5 Bc6 22. Ndf3 Nf5 23. Rcd1 Bh6 24. Bc1 Bxf3 25. Nxf3 Bxc1 26. Rxc1 Rfe8 27. g4 hxg4 28. hxg4 Nh6 29. Re4 Rac8 30. Kg2 f5 31. gxf5 gxf5 32. Rh4 Rc6 33. Rch1 Rg6+ 34. Kf1 Kg7 35. Rh5 Rf8 36. Ng5 f4 37. Rg1 Rf5 38. Ne6+ Kf7 39. Rxf5+ Nxf5 40. Rxg6 Kxg6 41. Nxf4+ Kg5 42. Nd3 Nh4 43. Ke2 Kf5 44. b4 cxb4 45. Nxb4 Kxe5 46. Nc6+ Ke4 47. Nxa7 d3+ 48. Kd1 Kd4 49. Nc8 Kxc4 50. Nxb6+ Kc5 51. Nc8 e5 52. Kd2 Kd4 53. Nd6 Nf3+ 54. Kd1 Kc3 55. Ne4+ Kd4 56. Nd6 Ng1 57. a4 Nh3 58. f3 Ng5 59. a5 Kc5 60. a6 Kb6 1/2-1/2

[Event "Navarra-ch"]
[Site "Pamplona"]
[Date "2016.05.07"]
[Round "8"]
[White "Argaya Urdaniz, Miguel Angel"]
[Black "Otano Villanueva, Joseba"]
[Result "1-0"]
[WhiteElo "1976"]
[BlackElo "1707"]
[PlyCount "81"]
[EventDate "2016.03.05"]
[EventType "swiss"]
[EventRounds "8"]
[EventCountry "ESP"]
[SourceTitle "EXT 2018"]
[Source "ChessBase"]
[SourceDate "2017.10.13"]
[SourceVersion "1"]
[SourceVersionDate "2017.10.13"]
[SourceQuality "1"]

1. e4 e5 2. Nf3 Nc6 3. Bb5 a6 4. Ba4 Bc5 5. 0-0 b5 6. Bb3 Nge7 7. Ng5 d5 8. exd5 Nd4 9. d6 Nxb3 10. dxe7 Qxe7 11. axb3 0-0 12. Qh5 Bf5 13. d3 Bg6 14. Qh4 Qd8 15. Nf3 Be7 16. Qg3 e4 17. dxe4 Bxe4 18. c3 h6 19. Bxh6 Bf6 20. Nbd2 Bd3 21. Rfe1 Re8 22. Rxe8+ Qxe8 23. Re1 Qc6 24. Bg5 b4 25. Bxf6 Qxf6 26. Qxc7 Rd8 27. Re7 Rf8 28. Qe5 Qh6 29. Qe3 Qd6 30. Nd4 Bg6 31. Nc4 Qf6 32. h3 Qh4 33. Nd6 Rd8 34. Re8+ Rxe8 35. Qxe8+ Kh7 36. Nxf7 Bxf7 37. Qxf7 bxc3 38. bxc3 Qh6 39. f4 Qb6 40. Kh2 Qc5 41. Qxg7+ 1-0

[Event "Navarra-chTA"]
[Site "Pamplona"]
[Date "2015.11.14"]
[Round "6.7"]
[White "Argaya Urdaniz, Miguel Angel"]
[Black "Ozaita Martinez, Tomas"]
[Result "1-0"]
[WhiteElo "1958"]
[BlackElo "1818"]
[PlyCount "53"]
[EventDate "2015.10.10"]
[EventType "team-tourn"]
[EventRounds "7"]
[EventCountry "ESP"]
[SourceTitle "CBM 169 Extra"]
[Source "ChessBase"]
[SourceDate "2015.12.18"]
[SourceVersion "1"]
[SourceVersionDate "2015.12.18"]
[SourceQuality "1"]
[WhiteTeam "San Juan"]
[BlackTeam "Santa Ana"]
[WhiteTeamCountry "ESP"]
[BlackTeamCountry "ESP"]

1. e4 c6 2. d4 d5 3. exd5 cxd5 4. c4 Nf6 5. Nc3 e6 6. c5 Be7 7. b4 0-0 8. a3 b6 9. Bb2 a5 10. Nf3 axb4 11. axb4 Rxa1 12. Bxa1 bxc5 13. dxc5 Qc7 14. Bb5 Qb7 15. 0-0 Bd7 16. Qa4 Ne4 17. Bxd7 Nxc3 18. Bxc3 Qxd7 19. Qxd7 Nxd7 20. c6 Nb8 21. b5 Rc8 22. Ra1 Nxc6 23. bxc6 Rxc6 24. Ra8+ Bf8 25. Bb4 Rc1+ 26. Ne1 h5 27. Rxf8+ 1-0

[Event "Navarra-chTA"]
[Site "Pamplona"]
[Date "2015.10.10"]
[Round "1.4"]
[White "Arana Oloron, Roberto"]
[Black "Argaya Urdaniz, Miguel Angel"]
[Result "0-1"]
[WhiteElo "1764"]
[BlackElo "1958"]
[PlyCount "80"]
[EventDate "2015.10.10"]
[EventType "team-tourn"]
[EventRounds "7"]
[EventCountry "ESP"]
[SourceTitle "CBM 169 Extra"]
[Source "ChessBase"]
[SourceDate "2015.12.18"]
[SourceVersion "1"]
[SourceVersionDate "2015.12.18"]
[SourceQuality "1"]
[WhiteTeam "Arrano Elkartea"]
[BlackTeam "San Juan"]
[WhiteTeamCountry "ESP"]
[BlackTeamCountry "ESP"]

1. e4 d5 2. exd5 Nf6 3. Nf3 Bg4 4. Bb5+ Nbd7 5. c4 a6 6. Ba4 b5 7. cxb5 Nxd5 8. Nc3 N5b6 9. bxa6 Nxa4 10. Qxa4 Bxf3 11. gxf3 Qc8 12. Nb5 c6 13. Nc3 Rxa6 14. Qc2 Nf6 15. d4 Qh3 16. Ke2 e6 17. Be3 Be7 18. Qd3 Ra5 19. Rhg1 0-0 20. Rg3 Qh5 21. Rag1 g6 22. Bg5 Re8 23. Kd2 Nd5 24. f4 Nxc3 25. Qxc3 Bxg5 26. fxg5 Rd5 27. Qxc6 Rxd4+ 28. Kc1 Red8 29. Qf3 Qh4 30. Rh3 Rc4+ 31. Kb1 Qd4 32. b3 Rc5 33. Qe3 Qb4 34. Rc1 Rcd5 35. Rf3 Qa3 36. Qf4 Qe7 37. h4 Rd4 38. Qg3 Qa3 39. Qe5 Rd2 40. Qc3 Qxa2# 0-1

[Event "Pamplona Navarro-ch"]
[Site "Pamplona"]
[Date "2015.04.25"]
[Round "3"]
[White "Urriza Iricibar, Pablo"]
[Black "Argaya Urdaniz, Miguel Angel"]
[Result "1-0"]
[WhiteElo "2213"]
[BlackElo "1984"]
[PlyCount "39"]
[EventDate "2015.04.11"]
[EventType "swiss"]
[EventRounds "8"]
[EventCountry "ESP"]
[SourceTitle "EXT 2016"]
[Source "ChessBase"]
[SourceDate "2015.10.08"]
[SourceVersion "1"]
[SourceVersionDate "2015.10.08"]
[SourceQuality "1"]

1. e4 e5 2. Nf3 Nc6 3. d4 exd4 4. Bc4 d6 5. Nxd4 Nxd4 6. Qxd4 Qf6 7. Qd3 Be6 8. Bxe6 Qxe6 9. Qb5+ c6 10. Qxb7 Qxe4+ 11. Be3 Rd8 12. 0-0 Be7 13. Nc3 Qxc2 14. Bxa7 Rd7 15. Qc8+ Bd8 16. Rfe1+ Ne7 17. Bb6 Qf5 18. Bxd8 0-0 19. Rxe7 Rfxd8 20. Re8+ 1-0

[Event "Pamplona Navarro-ch"]
[Site "Pamplona"]
[Date "2015.04.11"]
[Round "1"]
[White "Oyaga Valencia, Jesus Maria"]
[Black "Argaya Urdaniz, Miguel Angel"]
[Result "0-1"]
[WhiteElo "1663"]
[BlackElo "1984"]
[PlyCount "90"]
[EventDate "2015.04.11"]
[EventType "swiss"]
[EventRounds "8"]
[EventCountry "ESP"]
[SourceTitle "EXT 2016"]
[Source "ChessBase"]
[SourceDate "2015.10.08"]
[SourceVersion "1"]
[SourceVersionDate "2015.10.08"]
[SourceQuality "1"]

1. d4 Nf6 2. c4 e5 3. Bg5 Bb4+ 4. Bd2 Bxd2+ 5. Qxd2 exd4 6. Qxd4 d6 7. e3 Nc6 8. Qd1 0-0 9. Nc3 Be6 10. Nf3 d5 11. cxd5 Nxd5 12. Nxd5 Bxd5 13. Be2 Nb4 14. a3 Bxf3 15. gxf3 Nd5 16. f4 c6 17. Bf3 Qa5+ 18. Qd2 Qxd2+ 19. Kxd2 Rad8 20. Bxd5 Rxd5+ 21. Ke2 Rfd8 22. Rad1 Kf8 23. Rxd5 Rxd5 24. e4 Rb5 25. b4 Ke7 26. Rd1 g6 27. Rd3 a5 28. bxa5 Rxa5 29. Rb3 b5 30. h3 c5 31. Kd2 Kd6 32. Ke3 c4 33. Rc3 Kc5 34. f3 Ra7 35. f5 gxf5 36. e5 f6 37. exf6 Rf7 38. Kf4 Rxf6 39. Ke5 Rf8 40. f4 b4 41. axb4+ Kxb4 42. Rc1 c3 43. Ke6 Kb3 44. Ke7 Rc8 45. Kd7 Rc4 0-1

[Event "Navarra-ch"]
[Site "Pamplona"]
[Date "2014.03.29"]
[Round "1"]
[White "Alfaro Pinero, Asier"]
[Black "Argaya Urdaniz, Miguel Angel"]
[Result "0-1"]
[WhiteElo "1590"]
[BlackElo "1962"]
[PlyCount "92"]
[EventDate "2014.03.29"]
[EventType "swiss"]
[EventRounds "8"]
[EventCountry "ESP"]
[SourceTitle "EXT 2016"]
[Source "ChessBase"]
[SourceDate "2015.10.08"]
[SourceVersion "1"]
[SourceVersionDate "2015.10.08"]
[SourceQuality "1"]

1. d4 Nf6 2. c4 g6 3. Nc3 d5 4. Nf3 Bg7 5. e3 0-0 6. Be2 dxc4 7. Bxc4 Nbd7 8. 0-0 c5 9. Qc2 cxd4 10. Nxd4 Ne5 11. Bb3 a6 12. Rd1 Qc7 13. Nce2 Qxc2 14. Bxc2 b5 15. b4 Bb7 16. Bb2 Nc4 17. Bc3 Rac8 18. Bd3 Nd5 19. Rac1 Nxc3 20. Rxc3 e5 21. Nb3 e4 22. Bxc4 Bxc3 23. Bxb5 axb5 24. Nc5 Bxb4 25. Nxb7 Rc7 26. Rb1 Rfc8 27. g3 Rxb7 28. Rxb4 Rc2 29. Nd4 Rxa2 30. Rxb5 Rxb5 31. Nxb5 f5 32. Nd4 Kf7 33. h3 Kf6 34. Kg2 g5 35. Kf1 Ra1+ 36. Kg2 Rd1 37. Ne2 Ke5 38. Ng1 Re1 39. Kh2 f4 40. gxf4+ gxf4 41. exf4+ Kxf4 42. Kg2 Kg5 43. Kh2 Kh4 44. Kg2 Rxg1+ 45. Kxg1 Kxh3 46. Kh1 Kg4 0-1

[Event "Navarra-chT Preferente"]
[Site "Navarra"]
[Date "2012.11.10"]
[Round "5.7"]
[White "Argaya Urdaniz, Miguel Angel"]
[Black "Bernal Gomez, Alejandro"]
[Result "1-0"]
[WhiteElo "1990"]
[BlackElo "1858"]
[PlyCount "45"]
[EventDate "2012.10.13"]
[EventType "team"]
[EventRounds "7"]
[EventCountry "ESP"]
[SourceTitle "EXT 2014"]
[Source "ChessBase"]
[SourceDate "2013.11.20"]
[SourceVersion "1"]
[SourceVersionDate "2013.11.20"]
[SourceQuality "1"]
[WhiteTeam "San Juan"]
[BlackTeam "Santa Ana"]
[WhiteTeamCountry "ESP"]
[BlackTeamCountry "ESP"]

1. e4 c5 2. Nf3 Nc6 3. d4 cxd4 4. Nxd4 g6 5. Nc3 Bg7 6. Nxc6 bxc6 7. Bc4 Qa5 8. Bd2 Qb4 9. Qe2 Qxb2 10. Rb1 Qa3 11. 0-0 e6 12. Rb3 Qe7 13. e5 Nh6 14. Ne4 Bxe5 15. Bxh6 d5 16. Nd2 dxc4 17. Qxe5 f6 18. Qe4 cxb3 19. Qxc6+ Qd7 20. Qxa8 Kf7 21. cxb3 g5 22. Nf3 Kg6 23. Bxg5 1-0

[Event "Euskadi-chT (Vasca) Div 1st"]
[Site "Bergara"]
[Date "2011.01.15"]
[Round "2.5"]
[White "Argaya Urdaniz, Miguel Angel"]
[Black "Garcia San Martin, Alberto"]
[Result "0-1"]
[WhiteElo "2016"]
[BlackElo "1929"]
[PlyCount "88"]
[EventDate "2011.01.08"]
[EventType "team-tourn"]
[EventRounds "9"]
[EventCountry "ESP"]
[SourceTitle "EXT 2024"]
[Source "ChessBase"]
[SourceDate "2023.10.10"]
[SourceVersion "1"]
[SourceVersionDate "2023.10.10"]
[SourceQuality "1"]

1. e4 c6 2. d4 d5 3. e5 Bf5 4. f4 h5 5. Nf3 e6 6. Bd3 Nh6 7. c3 Be7 8. 0-0 Qb6 9. Kh1 c5 10. b3 Nc6 11. Be3 Rc8 12. Bg1 0-0 13. Qe2 Bxd3 14. Qxd3 Nf5 15. dxc5 Bxc5 16. Nbd2 Nce7 17. Rac1 Rc6 18. c4 Rfc8 19. g3 Bxg1 20. Rxg1 dxc4 21. Nxc4 Qa6 22. a4 Nd5 23. Nd4 Nxd4 24. Qxd4 Nb6 25. Rgd1 Nxc4 26. Rxc4 Rxc4 27. bxc4 Qxa4 28. Ra1 Qc6+ 29. Kg1 a6 30. Rb1 Kf8 31. Kf2 b5 32. Rb4 bxc4 33. Rb6 Qd5 34. Ke3 Qxd4+ 35. Kxd4 c3 36. Rb1 c2 37. Rc1 Kg8 38. Kd3 Kh7 39. h3 Kg6 40. g4 h4 41. Rxc2 Rxc2 42. Kxc2 f6 43. Kc3 fxe5 44. fxe5 Kg5 0-1

[Event "Pamplona op"]
[Site "Pamplona"]
[Date "2008.12.29"]
[Round "9"]
[White "Zamarbide Inarrea, Daniel"]
[Black "Argaya Urdaniz, Miguel Angel"]
[Result "1/2-1/2"]
[WhiteElo "2079"]
[BlackElo "2028"]
[PlyCount "82"]
[EventDate "2008.12.22"]
[EventType "swiss"]
[EventRounds "9"]
[EventCountry "ESP"]
[SourceTitle "CBM 127 Extra"]
[Source "ChessBase"]
[SourceDate "2009.01.08"]
[SourceVersion "2"]
[SourceVersionDate "2009.01.28"]
[SourceQuality "1"]

1. e4 e5 2. Nf3 Nc6 3. Bb5 a6 4. Bxc6 dxc6 5. 0-0 Bg4 6. h3 Bxf3 7. Qxf3 Nf6 8. d3 Be7 9. Nd2 Nd7 10. Nc4 0-0 11. Be3 Bg5 12. d4 Bxe3 13. Qxe3 exd4 14. Qxd4 c5 15. Qd2 b5 16. Ne3 Nf6 17. Qxd8 Raxd8 18. f3 Rd4 19. Rfd1 Rfd8 20. Kf2 Kf8 21. c3 Rd2+ 22. Ke1 R2d3 23. Rxd3 Rxd3 24. Ke2 c4 25. g3 Nh5 26. Nf1 Ke7 27. Rd1 Rd6 28. Rd2 Rg6 29. Kf2 Rd6 30. f4 Nf6 31. Ke3 Nd7 32. e5 Rxd2 33. Nxd2 Nc5 34. b3 cxb3 35. axb3 a5 36. f5 a4 37. bxa4 bxa4 38. Kd4 Nd7 39. Nc4 h5 40. g4 hxg4 41. hxg4 g6 1/2-1/2

[Event "Pamplona op 16th"]
[Site "Pamplona"]
[Date "2006.12.26"]
[Round "5"]
[White "Argaya Urdaniz, Miguel Angel"]
[Black "Cortes Lizano, Jesus"]
[Result "1/2-1/2"]
[WhiteElo "2054"]
[BlackElo "2270"]
[PlyCount "45"]
[EventDate "2006.12.22"]
[EventType "swiss"]
[EventRounds "9"]
[EventCountry "ESP"]
[SourceTitle "CBM 115 Extra"]
[Source "ChessBase"]
[SourceDate "2007.01.10"]
[SourceVersion "1"]
[SourceVersionDate "2007.01.10"]
[SourceQuality "1"]

1. e4 c5 2. Nf3 d6 3. d4 cxd4 4. Nxd4 Nf6 5. Nc3 a6 6. Be3 e6 7. f3 b5 8. g4 Bb7 9. Qd2 Nfd7 10. h4 Nb6 11. Bd3 N8d7 12. 0-0-0 Rc8 13. Kb1 Ne5 14. Rh3 Be7 15. Bg5 Nec4 16. Qc1 Qc7 17. Bxe7 Qxe7 18. f4 Qc7 19. b3 Na5 20. Qa3 Nc6 21. Ncxb5 axb5 22. Nxb5 Qe7 23. Nxd6+ 1/2-1/2

[Event "Orvina-A"]
[Site "Orvina"]
[Date "2006.12.05"]
[Round "3"]
[White "Argaya Urdaniz, Miguel Angel"]
[Black "Monje Peinado, Roberto"]
[Result "0-1"]
[WhiteElo "2054"]
[BlackElo "2066"]
[PlyCount "64"]
[EventDate "2006.12.03"]
[EventType "swiss"]
[EventRounds "10"]
[EventCountry "ESP"]
[SourceTitle "EXT 2008"]
[Source "ChessBase"]
[SourceDate "2007.11.25"]
[SourceVersion "1"]
[SourceVersionDate "2007.11.25"]
[SourceQuality "1"]

1. e4 c5 2. d4 cxd4 3. c3 dxc3 4. Nxc3 d6 5. Bc4 Nc6 6. Nf3 e6 7. 0-0 Nf6 8. Qe2 a6 9. Rd1 Qc7 10. Bf4 Be7 11. e5 dxe5 12. Nxe5 Nxe5 13. Bxe5 Qc6 14. Rac1 0-0 15. Bd3 Qe8 16. Qf3 Bd7 17. Qh3 h6 18. Bb1 Bc6 19. Rd3 Kh8 20. g4 Ng8 21. g5 Bxg5 22. f4 Bf6 23. Rg3 Bxe5 24. fxe5 f5 25. Ne2 Qd8 26. Rg6 Qb6+ 27. Kf1 Qxb2 28. Bd3 Qxe5 29. Rc4 Bb5 30. Rd4 Rad8 31. Rxd8 Rxd8 32. Bxb5 axb5 0-1

[Event "Orvina-A"]
[Site "Orvina"]
[Date "2006.12.04"]
[Round "2"]
[White "Martinez Salas, Imanol"]
[Black "Argaya Urdaniz, Miguel Angel"]
[Result "1/2-1/2"]
[WhiteElo "1956"]
[BlackElo "2054"]
[PlyCount "76"]
[EventDate "2006.12.03"]
[EventType "swiss"]
[EventRounds "10"]
[EventCountry "ESP"]
[SourceTitle "EXT 2008"]
[Source "ChessBase"]
[SourceDate "2007.11.25"]
[SourceVersion "1"]
[SourceVersionDate "2007.11.25"]
[SourceQuality "1"]

1. e4 e5 2. Nf3 Nc6 3. Bb5 a6 4. Ba4 Nf6 5. Qe2 b5 6. Bb3 Bc5 7. c3 0-0 8. 0-0 d6 9. h3 h6 10. Rd1 Re8 11. d3 d5 12. exd5 Nxd5 13. Qe4 Be6 14. Nxe5 Nxc3 15. Nxc6 Nxe4 16. Nxd8 Bxb3 17. axb3 Bxf2+ 18. Kf1 Raxd8 19. Nc3 Nxc3 20. bxc3 Bg3 21. d4 c5 22. Rxa6 cxd4 23. c4 bxc4 24. bxc4 Re5 25. Bd2 Rde8 26. Ra3 Rf5+ 27. Rf3 Rxf3+ 28. gxf3 Rc8 29. Rc1 Bd6 30. Ke2 Bc5 31. Kd3 f5 32. Rb1 Kf7 33. Rb5 Kf6 34. h4 g5 35. hxg5+ hxg5 36. Be1 g4 37. fxg4 fxg4 38. Bf2 Ke6 1/2-1/2

[Event "Euskadi-ch"]
[Site "Amorebieta"]
[Date "2006.04.23"]
[Round "7"]
[White "Argaya Urdaniz, Miguel Angel"]
[Black "Varas Gonzalez, Carlos"]
[Result "0-1"]
[WhiteElo "2037"]
[BlackElo "2310"]
[PlyCount "112"]
[EventDate "2006.04.18"]
[EventType "swiss"]
[EventRounds "7"]
[EventCountry "ESP"]
[SourceTitle "CBM 111 Extra"]
[Source "ChessBase"]
[SourceDate "2006.05.09"]
[SourceVersion "1"]
[SourceVersionDate "2006.05.09"]
[SourceQuality "1"]

1. e4 c5 2. Nf3 e6 3. d4 cxd4 4. Nxd4 Nc6 5. Nxc6 bxc6 6. c4 Nf6 7. Bd3 e5 8. 0-0 d6 9. Nc3 Be7 10. b3 Be6 11. f4 exf4 12. Bxf4 Ng4 13. Qf3 Bf6 14. Rac1 0-0 15. Bb1 Ne5 16. Qe2 Bg5 17. Qh5 Qb6+ 18. Kh1 Bxf4 19. Rxf4 Qe3 20. Rff1 a5 21. Rfe1 Qa7 22. h3 a4 23. Nxa4 Bxc4 24. bxc4 Qxa4 25. c5 Qa3 26. Red1 f6 27. cxd6 Rfd8 28. d7 Rxd7 29. Rxd7 Qxc1+ 30. Qd1 Qxd1+ 31. Rxd1 c5 32. Bc2 Ra3 33. Kg1 Kf8 34. Ra1 Ke7 35. Kf2 c4 36. Ke2 Kd6 37. Rd1+ Kc5 38. Bb1 Kb4 39. Rd8 Kc3 40. Rb8 Ra7 41. Ke3 Nc6 42. Rb6 Nb4 43. Re6 Ra3 44. Kf4 Kb2 45. Rb6 Ra4 46. e5 Kxb1 47. a3 c3 48. axb4 c2 49. Rc6 Rxb4+ 50. Kf5 Rb5 51. Ke6 Rxe5+ 52. Kf7 c1Q 53. Rxc1+ Kxc1 54. Kxg7 Rg5+ 55. Kxh7 Rxg2 56. h4 f5 0-1

[Event "Pamplona op"]
[Site "Pamplona"]
[Date "2005.12.24"]
[Round "3"]
[White "Ivanov, Jordan"]
[Black "Argaya Urdaniz, Miguel Angel"]
[Result "1-0"]
[WhiteElo "2377"]
[BlackElo "2048"]
[PlyCount "49"]
[EventDate "2005.12.23"]
[EventType "swiss"]
[EventRounds "9"]
[EventCountry "ESP"]
[SourceTitle "CBM 110 Extra"]
[Source "ChessBase"]
[SourceDate "2006.03.10"]
[SourceVersion "2"]
[SourceVersionDate "2006.03.10"]
[SourceQuality "1"]

1. Nf3 Nf6 2. c4 g6 3. Nc3 d5 4. Qa4+ c6 5. cxd5 Nxd5 6. Nxd5 Qxd5 7. e4 Qd8 8. d4 Bg7 9. Be3 Nd7 10. Rd1 0-0 11. h3 Qc7 12. Qc2 Qa5+ 13. Bd2 Qb6 14. Bc3 c5 15. d5 Qd6 16. Bxg7 Kxg7 17. Qc3+ f6 18. Be2 b6 19. Ng5 Ne5 20. f4 Nf7 21. e5 Qc7 22. Ne6+ Bxe6 23. dxe6 Nd8 24. Rd7 Qc8 25. exf6+ 1-0

[Event "Pamplona op"]
[Site "Pamplona"]
[Date "2002.01.05"]
[Round "9"]
[White "Argaya Urdaniz, Miguel Angel"]
[Black "Fernandez Blanco, Rula Olga"]
[Result "1-0"]
[WhiteElo "1969"]
[BlackElo "2073"]
[PlyCount "83"]
[EventDate "2001.12.05"]
[EventType "swiss"]
[EventRounds "9"]
[EventCountry "ESP"]
[SourceTitle "EXT 2003"]
[Source "ChessBase"]
[SourceDate "2002.11.25"]
[SourceVersion "1"]
[SourceVersionDate "2002.11.25"]
[SourceQuality "1"]

1. e4 e5 2. f4 Bc5 3. Nf3 d6 4. c3 Nc6 5. Bb5 f6 6. d4 Bb6 7. d5 Nge7 8. fxe5 fxe5 9. Bg5 h6 10. dxc6 0-0 11. Bxe7 Qxe7 12. Qd3 d5 13. Qxd5+ Be6 14. Qxe5 Kh8 15. cxb7 Rad8 16. b8Q Rxb8 17. Bc4 Rxf3 18. gxf3 Qh4+ 19. Qg3 Qxg3+ 20. hxg3 Bxc4 21. Nd2 Ba6 22. b4 Rd8 23. c4 Bd4 24. Rc1 Bc8 25. Nb3 Bb2 26. Rd1 Rf8 27. Ke2 Bc3 28. a3 Bb2 29. a4 Ba3 30. b5 Be6 31. Nd2 Rd8 32. Rh5 Bd6 33. e5 Bf7 34. exd6 Bxh5 35. Ne4 cxd6 36. Nxd6 Rf8 37. g4 Bg6 38. c5 Bc2 39. Rd4 Bb3 40. c6 Be6 41. c7 Kh7 42. a5 1-0